000
00273pam a2200109a 44500
008
230405s2022 xxu||||| |||| 00| 0 eng d
041
_a
ENG
100
_a
JAMES CLEAR
245
_a
THE PSYCHOLOGY OF MONEY
260
_a
_b
JAICO PUB HOUSE MUMBAI MUMBAI
_c
2022
906
_a
5441
999
_c
280712
_d
280712